[Event "Lancaran op-B"]
[Site "Lancaran"]
[Date "2025.07.13"]
[Round "9"]
[White "Nazaraliyev, Zahid"]
[Black "Aghazada, Ali"]
[Result "1-0"]
[WhiteElo "1484"]
[BlackElo "1591"]
[PlyCount "133"]
[EventDate "2025.07.07"]
[EventType "swiss"]
[EventRounds "9"]
[EventCountry "AZE"]
[SourceTitle "CB29_2025"]
[SourceDate "2025.07.16"]
[SourceVersion "1"]
[SourceVersionDate "2025.07.16"]
[SourceQuality "1"]

1. e4 d5 2. exd5 Qxd5 3. Nc3 Qa5 4. Bc4 Nf6 5. d3 c6 6. Bd2 Qc7 7. Qe2 Bf5 8. Nf3 Nbd7 9. h3 e6 10. 0-0 Be7 11. Rfe1 0-0 12. a4 Nb6 13. Bb3 Nbd5 14. Nxd5 Nxd5 15. Nd4 Bg6 16. c4 Nf4 17. Bxf4 Qxf4 18. Nf3 Bf6 19. Rad1 Rad8 20. Rd2 c5 21. g3 Qf5 22. g4 Qf4 23. Qe3 Qd6 24. g5 Bd4 25. Nxd4 Qxd4 26. Qxd4 Rxd4 27. Bc2 Rfd8 28. Re5 b6 29. Re3 Rxc4 30. dxc4 Rxd2 31. Bxg6 hxg6 32. b3 Kf8 33. Kf1 Ke7 34. Ke1 Rd4 35. Ke2 f5 36. Rg3 e5 37. Re3 Ke6 38. Kf3 e4+ 39. Kg3 Rd3 40. Rxd3 exd3 41. Kf3 Ke5 42. Ke3 d2 43. f4+ Kd6 44. Kxd2 Kc6 45. Ke3 Kb7 46. Kd3 Ka6 47. Kc3 Ka5 48. Kc2 Kb4 49. Kb2 a6 50. h4 b5 51. axb5 axb5 52. cxb5 Kxb5 53. Kc3 Kc6 54. Kc4 Kd6 55. Kb5 Kd5 56. Ka4 Ke4 57. Kb5 Kxf4 58. Kxc5 Kg4 59. b4 f4 60. b5 f3 61. b6 f2 62. b7 f1Q 63. b8Q Qc1+ 64. Kd5 Qd2+ 65. Ke6 Qf4 66. Qxf4+ Kxf4 67. Kf7 1-0